Československý časopis historický. Roč. 33, č. 1-3, 1985

Bibliographic Details
Format: Book
Language:Undetermined
Published: Praha ČSAV 1985

MARC

LEADER 00000nam a2200000 a 4500
001 vtls001403431
003 SK-MaSNL
005 20260224112429.0
008 210928s1985 xx 0 und
035 |a SNK000357981 
040 |a SNK  |b slo  |c SNK  |e AACR2 
245 1 |a Československý časopis historický. Roč. 33, č. 1-3, 1985 
260 |a Praha  |b ČSAV  |c 1985 
958 |a OND 
999 |c 983004  |d 984934 
952 |t P60, <06>, [BOOK], {606}  |a SNK  |b SNK  |y PREZ  |7 0  |p 17A0263162  |o snkČC 808/33/1/1985  |0 0  |1 1  |4 0  |d 2000-12-21  |l 0  |r 2005-01-02 00:00:00  |w 2026-02-24